<?xml version="1.0" encoding="UTF-8"?>
<marc:record xmlns:marc="http://www.loc.gov/MARC21/slim">
   <marc:leader>00000nam a2200000 a 4500</marc:leader>
   <marc:datafield ind1="1" ind2=" " tag="100">
      <marc:subfield code="a">Olschak, Blanche Christine</marc:subfield>
      <marc:subfield code="4">aut</marc:subfield>
      <marc:subfield code="e">Verfasser/-in</marc:subfield>
   </marc:datafield>
   <marc:datafield ind1=" " ind2=" " tag="653">
      <marc:subfield code="a">Himalaya</marc:subfield>
   </marc:datafield>
   <marc:datafield ind1="0" ind2="0" tag="245">
      <marc:subfield code="a">Himalaya</marc:subfield>
   </marc:datafield>
   <marc:datafield ind1="0" ind2="0" tag="245">
      <marc:subfield code="b">Wachsende Berge, lebendige Mythen, wandernde Menschen</marc:subfield>
   </marc:datafield>
   <marc:datafield ind1=" " ind2="1" tag="264">
      <marc:subfield code="b">RM Buch u. Medien Vertrieb GmbH</marc:subfield>
      <marc:subfield code="c">2000</marc:subfield>
   </marc:datafield>
   <marc:datafield ind1="1" ind2=" " tag="520">
      <marc:subfield code="a">Nicht erst durch die Erstbesteigung des Everest ist der Himalaya zum Traumziel vieler Reisender und Bergsteiger geworden. Ungebrochen ist seine unwiderstehliche Anziehungskraft, durch Jahrtausende in ältesten mythologischen Texten. Dieser Prachtband bietet dem Leser Gelegenheit, die Faszination dieser Region mitzuerleben.  *Donauland 10/11/12 2000*</marc:subfield>
   </marc:datafield>
</marc:record>
